<?xml version="1.0" encoding="UTF-8"?>
<record
    xmlns:xsi="http://www.w3.org/2001/XMLSchema-instance"
    xsi:schemaLocation="http://www.loc.gov/MARC21/slim http://www.loc.gov/standards/marcxml/schema/MARC21slim.xsd"
    xmlns="http://www.loc.gov/MARC21/slim">

  <leader>00880nam a2200205Ia 4500</leader>
  <controlfield tag="003">OSt</controlfield>
  <controlfield tag="005">20251218120018.0</controlfield>
  <controlfield tag="008">210210b2012   xxu||||| |||| 00| 0 eng d</controlfield>
  <datafield tag="040" ind1=" " ind2=" ">
    <subfield code="c">AL</subfield>
  </datafield>
  <datafield tag="041" ind1=" " ind2=" ">
    <subfield code="a">Kannada</subfield>
  </datafield>
  <datafield tag="082" ind1=" " ind2=" ">
    <subfield code="a">K894.9 BASK</subfield>
  </datafield>
  <datafield tag="100" ind1=" " ind2=" ">
    <subfield code="a">BASAVARAJA KALGUDI Ed</subfield>
    <subfield code="d">&#xCAC;&#xCB8;&#xCB5;&#xCB0;&#xCBE;&#xC9C; &#xC95;&#xCB2;&#xCCD;&#xC97;&#xCC1;&#xCA1;&#xCBF;</subfield>
    <subfield code="9">249448</subfield>
  </datafield>
  <datafield tag="245" ind1=" " ind2=" ">
    <subfield code="a">Kambarara sahityada nele bele</subfield>
    <subfield code="b">&#xC95;&#xC82;&#xCAC;&#xCBE;&#xCB0;&#xCB0; &#xCB8;&#xCBE;&#xCB9;&#xCBF;&#xCA4;&#xCCD;&#xCAF;&#xCA6; &#xCA8;&#xCC6;&#xCB2;&#xCC6; &#xCAC;&#xCC6;&#xCB2;&#xCC6;</subfield>
  </datafield>
  <datafield tag="260" ind1=" " ind2=" ">
    <subfield code="a">BengaLUru</subfield>
    <subfield code="b">Ankita Pustaka</subfield>
    <subfield code="c">2012</subfield>
  </datafield>
  <datafield tag="300" ind1=" " ind2=" ">
    <subfield code="a">328</subfield>
  </datafield>
  <datafield tag="650" ind1=" " ind2=" ">
    <subfield code="a">&#xC95;&#xC82;&#xCAC;&#xCBE;&#xCB0;&#xCB0; &#xC95;&#xCBE;&#xCB5;&#xCCD;&#xCAF;, &#xCA8;&#xCBE;&#xC9F;&#xC95;, &#xC95;&#xCBE;&#xCA6;&#xC82;&#xCAC;&#xCB0;&#xCBF;&#xC97;&#xCB3; &#xCB5;&#xCBF;&#xCB6;&#xCCD;&#xCB2;&#xCC7;&#xCB7;&#xCA3;&#xCC6;, &#xC85;&#xCB5;&#xCB0; &#xCB8;&#xCBE;&#xCB9;&#xCBF;&#xCA4;&#xCCD;&#xCAF;&#xCA6; &#xCB5;&#xCBF;&#xCB6;&#xCBF;&#xCB7;&#xCCD;&#xC9F;&#xCA4;&#xCC6; &#xCAE;&#xCA4;&#xCCD;&#xCA4;&#xCC1; &#xC95;&#xCA8;&#xCCD;&#xCA8;&#xCA1; &#xC9A;&#xCBF;&#xC82;&#xCA4;&#xCA8;&#xCC6;&#xCAF;&#xCCA;&#xC82;&#xCA6;&#xCBF;&#xC97;&#xCC6; &#xC85;&#xCA6;&#xCB0; &#xCB8;&#xC82;&#xCB5;&#xCBE;&#xCA6;.</subfield>
    <subfield code="9">249454</subfield>
  </datafield>
  <datafield tag="690" ind1=" " ind2=" ">
    <subfield code="a">Kannada Criticism</subfield>
    <subfield code="9">249453</subfield>
  </datafield>
  <datafield tag="906" ind1=" " ind2=" ">
    <subfield code="a">068323</subfield>
  </datafield>
  <datafield tag="942" ind1=" " ind2=" ">
    <subfield code="2">ddc</subfield>
    <subfield code="c">BK</subfield>
  </datafield>
  <datafield tag="999" ind1=" " ind2=" ">
    <subfield code="c">152631</subfield>
    <subfield code="d">152631</subfield>
  </datafield>
  <datafield tag="952" ind1=" " ind2=" ">
    <subfield code="0">0</subfield>
    <subfield code="1">0</subfield>
    <subfield code="2">ddc</subfield>
    <subfield code="4">0</subfield>
    <subfield code="7">0</subfield>
    <subfield code="8">KAN</subfield>
    <subfield code="a">AL</subfield>
    <subfield code="b">AL</subfield>
    <subfield code="c">Kannada Literature</subfield>
    <subfield code="d">2021-02-17</subfield>
    <subfield code="e">Navakarnataka Publication Pvt Ltd Mangalore</subfield>
    <subfield code="g">250.00</subfield>
    <subfield code="l">0</subfield>
    <subfield code="o">K894.9 BASK</subfield>
    <subfield code="p">068323</subfield>
    <subfield code="r">2021-02-17 00:00:00</subfield>
    <subfield code="w">2021-02-17</subfield>
    <subfield code="y">BK</subfield>
  </datafield>
</record>
